Science year 1993 : The Worlds book annual science supplement

Gespeichert in:
Bibliographische Detailangaben
Format: Buch
Sprache:Englisch
Veröffentlicht: Chicago : The World Book,Inc, 1992
Schlagworte:
Tags: Tag hinzufügen
Keine Tags, Fügen Sie das erste Tag hinzu!

MARC

LEADER 00000nam a22000003a 4500
001 stu9103
005 20141122093304.5
008 960611s1992----xxu-----------------eng-d
020 |a 0-7166-1193-7 
040 |a STU  |b slo 
041 0 |a eng 
044 |a xxu 
080 |a 001(058)"1991" 
245 |a Science year 1993 :  |b The Worlds book annual science supplement 
260 |a Chicago :  |b The World Book,Inc,  |c 1992 
300 |a 400 s 
650 7 |a veda  |2 stusub 
650 7 |a technika  |2 stusub 
996 |b E80611  |c E*80611  |l EE10  |s P  |a 0  |w stu9103_0001